Państwa po obrazkach - Statystyki

Ogólne statystyki
  • Ten quiz został rozwiązany 93 razy
  • Średni wynik to 11 z 16
Statystyki odpowiedzi
Obrazkowy Odpowiedź % Poprawnych
Francja
100%
Japonia
99%
Stany Zjednoczone
99%
Egipt
98%
Wielka Brytania
98%
Rosja
96%
Brazylia
93%
Indie
85%
Peru
58%
Tajlandia
58%
Niemcy
56%
Australia
55%
Norwegia
45%
Wietnam
38%
Malezja
29%
Argentyna
26%
Nie znaleziono quizów pasujących do podanych kryteriów
Rozkład punktacji
Procent ludzi z każdym wynikiem
Percentyl według liczby udzielonych odpowiedzi
Twoja historia wyników
Nie rozwiązałeś tego quizu